स्वास्थ्य सौन्दर्य में योग / (Record no. 12439)

MARC details
000 -LEADER
fixed length control field 02949 a2200301 4500
005 - DATE AND TIME OF LATEST TRANSACTION
control field 20090420102351.0
008 - FIXED-LENGTH DATA ELEMENTS--GENERAL INFORMATION
fixed length control field 090420t xxu||||| |||| 00| 0 hin d
010 ## - LCCN (DPL NO)
LC control number B-301459-495
020 ## - INTERNATIONAL STANDARD BOOK NUMBER
Terms of availability 125.00
International Standard Book Number 8188557781
035 ## - SYSTEM CONTROL NUMBER
System control number B-301459-495
037 ## - SOURCE OF ACQUISITION
Source of stock number/acquisition राजस्थान प्रकाशन
040 ## - CATALOGING SOURCE
Original cataloging agency dpl
Language of cataloging hn
082 ## - DEWEY DECIMAL CLASSIFICATION NUMBER
Classification number 613.7046
100 ## - MAIN ENTRY--PERSONAL NAME
Personal name सोलंकी, हरिसिंह
245 ## - TITLE STATEMENT
Title स्वास्थ्य सौन्दर्य में योग /
Statement of responsibility, etc हरिसिंह सोलंकी
260 ## - PUBLICATION, DISTRIBUTION, ETC. (IMPRINT)
Place of publication, distribution, etc जयपुर
Name of publisher, distributor, etc राजस्थान प्रकाशन
Date of publication, distribution, etc 2007
270 ## - ADDRESS
Address 28/29, त्रिपोलिया बाजार
City जयपुर
Postal code 2
300 ## - PHYSICAL DESCRIPTION
Extent 100पृ
Dimensions 22सेमी (सजिल्द)
Other physical details सचित्र
942 ## - ADDED ENTRY ELEMENTS (KOHA)
Institution code [OBSOLETE] dpl
Item type Hindi Books
Call number prefix /
Source of classification or shelving scheme Dewey Decimal Classification
Classification part 613.7046
Call number suffix सोलंकी
Holdings
Withdrawn status Lost status Source of classification or shelving scheme Damaged status Not for loan Collection code Home library Current library Date acquired Source of acquisition Cost, normal purchase price Total Checkouts Full call number Barcode Date last seen Copy number Cost, replacement price Koha item type Public note
    Dewey Decimal Classification     Non-fiction Central Library Central Library 21/04/2009 राजस्थान प्रकाशन/9840/19.9.08/418/4.9.08/8.10.9 125.00 2 613.7046 सोलंकी B-301489 20/06/2024 1 125.00 Hindi Books  
    Dewey Decimal Classification     Non-fiction Karol Bagh Karol Bagh 21/04/2009 राजस्थान प्रकाशन/9840/19.9.08/418/4.9.08/8.10.9 125.00   613.7046 सोलंकी B-301494 21/04/2009 1 125.00 Hindi Books  
    Dewey Decimal Classification     Non-fiction Mobile Library Mobile Library 21/04/2009 राजस्थान प्रकाशन/9840/19.9.08/418/4.9.08/8.10.9 125.00   613.7046 सोलंकी B-301490 21/04/2009 2 125.00 Hindi Books  
    Dewey Decimal Classification     Non-fiction Mobile Library Mobile Library 21/04/2009 राजस्थान प्रकाशन/9840/19.9.08/418/4.9.08/8.10.9 125.00   613.7046 सोलंकी B-301491 21/04/2009 2 125.00 Hindi Books  
    Dewey Decimal Classification     Non-fiction Patel Nagar Patel Nagar 21/04/2009 राजस्थान प्रकाशन/9840/19.9.08/418/4.9.08/8.10.9 125.00   613.7046 सोलंकी B-301492 21/04/2009 1 125.00 Hindi Books  
    Dewey Decimal Classification     Non-fiction Sarojini Nagar Sarojini Nagar 21/04/2009 राजस्थान प्रकाशन/9840/19.9.08/418/4.9.08/8.10.9 125.00   613.7046 सोलंकी B-301493 21/04/2009 1 125.00 Hindi Books Withdrwan List Prepared List No. 29/15
    Dewey Decimal Classification     Non-fiction Shahdara Branch Shahdara Branch 21/04/2009 राजस्थान प्रकाशन/9840/19.9.08/418/4.9.08/8.10.9 125.00 1 613.7046 सोलंकी B-301495 03/12/2019 1 125.00 Hindi Books  

© Delhi Public Library
Hit Counter
free hit counter